000 00719nam a2200193 u 4500
001 000025073
005 20200930023539.0
008 110209s1978 ag r 000 0 spa d
020 _a0311420532
040 _aDO-SdBNP
_bspa
_cBNPHU
082 _ann*
_bnn*
245 0 0 _aFiguras de plata :
_b1052 citas de 471 autores famosos sobre 200 asuntos de interés cristiano /
_cSelección de Pablo Alberto Deiros.
260 _aBuenos Aires :
_bMundo Hispano,
_c1978.
300 _a194, [6] p. ;
_c19 cm.
500 _aIncluye índice alfabetico de autores.
500 _a"Manzana de oro con figuras de plata es la palabra como conviene" declara proverbios 25:11.
700 1 _aDeiros, Pablo Alberto.
_947941
049 _aBNGR
999 _c24566
_d24566